<?xml version="1.0" encoding="UTF-8"?>
<record
    xmlns:xsi="http://www.w3.org/2001/XMLSchema-instance"
    xsi:schemaLocation="http://www.loc.gov/MARC21/slim http://www.loc.gov/standards/marcxml/schema/MARC21slim.xsd"
    xmlns="http://www.loc.gov/MARC21/slim">

  <leader>01148nam a2200301 a 4500</leader>
  <controlfield tag="001">000024488</controlfield>
  <controlfield tag="003">OSt</controlfield>
  <controlfield tag="005">20240228142235.0</controlfield>
  <controlfield tag="008">110128s2010    dr ad         000 0 spa d</controlfield>
  <datafield tag="020" ind1=" " ind2=" ">
    <subfield code="a">9789945862577</subfield>
    <subfield code="q"> T.1.</subfield>
  </datafield>
  <datafield tag="020" ind1=" " ind2=" ">
    <subfield code="a">9789945862560</subfield>
    <subfield code="q">obra completa</subfield>
  </datafield>
  <datafield tag="040" ind1=" " ind2=" ">
    <subfield code="a">DO-SdBNP</subfield>
    <subfield code="b">spa</subfield>
    <subfield code="c">BNPHU</subfield>
  </datafield>
  <datafield tag="041" ind1=" " ind2=" ">
    <subfield code="h">spa</subfield>
  </datafield>
  <datafield tag="082" ind1=" " ind2="4">
    <subfield code="a">467.97293</subfield>
    <subfield code="b">M433c</subfield>
    <subfield code="2">22</subfield>
  </datafield>
  <datafield tag="100" ind1="1" ind2=" ">
    <subfield code="a">Matos Moquete, Manuel,</subfield>
    <subfield code="d">1944-</subfield>
    <subfield code="9">6349</subfield>
  </datafield>
  <datafield tag="245" ind1="1" ind2="0">
    <subfield code="a">Cien a&#xF1;os de la ense&#xF1;anza del espa&#xF1;ol en Rep&#xFA;blica Dominicana /</subfield>
    <subfield code="c">Manuel Matos Moquete.</subfield>
  </datafield>
  <datafield tag="260" ind1=" " ind2=" ">
    <subfield code="a">Santo Domingo :</subfield>
    <subfield code="b">Instituto Superior de Formaci&#xF3;n Docente Salom&#xE9; Ure&#xF1;a,</subfield>
    <subfield code="c">2010.</subfield>
  </datafield>
  <datafield tag="300" ind1=" " ind2=" ">
    <subfield code="a">v. ;</subfield>
    <subfield code="c">24 cm.</subfield>
  </datafield>
  <datafield tag="500" ind1=" " ind2=" ">
    <subfield code="a">Incluye datos biogr&#xE1;ficos del autor en las solapas.</subfield>
  </datafield>
  <datafield tag="500" ind1=" " ind2=" ">
    <subfield code="a">La biblioteca posee el v. 1.</subfield>
  </datafield>
  <datafield tag="500" ind1=" " ind2=" ">
    <subfield code="a">Incluye referencias bibliogr&#xE1;ficas y notas al pie de las p&#xE1;ginas.</subfield>
  </datafield>
  <datafield tag="505" ind1="0" ind2=" ">
    <subfield code="g">v.1</subfield>
    <subfield code="a">De Hostos a Pedro Henr&#xED;quez Ure&#xF1;a</subfield>
  </datafield>
  <datafield tag="590" ind1=" " ind2=" ">
    <subfield code="a">Inventariado, 2018/LP</subfield>
  </datafield>
  <datafield tag="650" ind1=" " ind2="4">
    <subfield code="a">Espa&#xF1;ol</subfield>
    <subfield code="x">Ense&#xF1;anza</subfield>
    <subfield code="y">REP&#xDA;BLICA DOMINICANA</subfield>
    <subfield code="x">Historia</subfield>
    <subfield code="9">50188</subfield>
  </datafield>
  <datafield tag="650" ind1=" " ind2="4">
    <subfield code="a">Espa&#xF1;ol en rep&#xFA;blica dominicana</subfield>
    <subfield code="x">Historia</subfield>
    <subfield code="9">37468</subfield>
  </datafield>
  <datafield tag="910" ind1=" " ind2=" ">
    <subfield code="a">Validado. Control de calidad EMS</subfield>
  </datafield>
  <datafield tag="942" ind1=" " ind2=" ">
    <subfield code="2">ddc</subfield>
    <subfield code="c">LBS1</subfield>
  </datafield>
  <datafield tag="952" ind1=" " ind2=" ">
    <subfield code="0">0</subfield>
    <subfield code="1">0</subfield>
    <subfield code="2">ddc</subfield>
    <subfield code="5">6</subfield>
    <subfield code="7">0</subfield>
    <subfield code="8">DS</subfield>
    <subfield code="a">BNPHU</subfield>
    <subfield code="b">GR</subfield>
    <subfield code="c">HD</subfield>
    <subfield code="d">2011-01-28</subfield>
    <subfield code="l">0</subfield>
    <subfield code="o">BNPHU DS 467.97293 M433c</subfield>
    <subfield code="p">24488-30</subfield>
    <subfield code="r">2020-06-25</subfield>
    <subfield code="t">v.1, e.4</subfield>
    <subfield code="w">2020-06-25</subfield>
    <subfield code="y">LFDS</subfield>
  </datafield>
  <datafield tag="952" ind1=" " ind2=" ">
    <subfield code="0">0</subfield>
    <subfield code="1">0</subfield>
    <subfield code="2">ddc</subfield>
    <subfield code="5">3</subfield>
    <subfield code="7">2</subfield>
    <subfield code="8">PD</subfield>
    <subfield code="a">BNPHU</subfield>
    <subfield code="b">PD</subfield>
    <subfield code="c">HD</subfield>
    <subfield code="d">2011-01-28</subfield>
    <subfield code="l">0</subfield>
    <subfield code="o">BNPHU PD 467.97293 M433c</subfield>
    <subfield code="p">24488-10</subfield>
    <subfield code="r">2020-06-25</subfield>
    <subfield code="t">v.1</subfield>
    <subfield code="w">2020-06-25</subfield>
    <subfield code="y">LFPD</subfield>
  </datafield>
  <datafield tag="952" ind1=" " ind2=" ">
    <subfield code="0">0</subfield>
    <subfield code="1">0</subfield>
    <subfield code="2">ddc</subfield>
    <subfield code="5">1</subfield>
    <subfield code="7">2</subfield>
    <subfield code="8">PD</subfield>
    <subfield code="a">BNPHU</subfield>
    <subfield code="b">PD</subfield>
    <subfield code="c">HD</subfield>
    <subfield code="d">2011-01-28</subfield>
    <subfield code="l">0</subfield>
    <subfield code="o">BNPHU PD 467.97293 M433c</subfield>
    <subfield code="p">24488-20</subfield>
    <subfield code="r">2020-06-25</subfield>
    <subfield code="t">v.1, e.2</subfield>
    <subfield code="w">2020-06-25</subfield>
    <subfield code="y">LFPD</subfield>
  </datafield>
  <datafield tag="952" ind1=" " ind2=" ">
    <subfield code="0">0</subfield>
    <subfield code="1">0</subfield>
    <subfield code="2">ddc</subfield>
    <subfield code="5">6</subfield>
    <subfield code="7">0</subfield>
    <subfield code="8">DS</subfield>
    <subfield code="a">BNPHU</subfield>
    <subfield code="b">BNPHU</subfield>
    <subfield code="c">HD</subfield>
    <subfield code="e">Donado por Francisco C&#xE1;ceres</subfield>
    <subfield code="l">0</subfield>
    <subfield code="o">BNPHU DS 467.97293 M433c</subfield>
    <subfield code="p">24488-40</subfield>
    <subfield code="r">2020-10-12</subfield>
    <subfield code="t">v.1, e.3</subfield>
    <subfield code="w">2020-10-12</subfield>
    <subfield code="y">LFDS</subfield>
  </datafield>
  <datafield tag="999" ind1=" " ind2=" ">
    <subfield code="c">23981</subfield>
    <subfield code="d">23981</subfield>
  </datafield>
</record>
